Out of Control <The> New Biology of Machines, Social Systems and the Economic World

Uložené v:
Podrobná bibliografia
Hlavný autor: Kelly, Kevin
Médium: Kniha
Jazyk:English
Vydavateľské údaje: Reading Addison-Wesley Publ. Co. 1994
Vydanie:1. ed.
Predmet:
Tagy: Pridať tag
Žiadne tagy, Buďte prvý, kto otaguje tento záznam!

MARC

LEADER 00000nam a2200000 4500
001 c014252
005 20221205140914.1
020 |a 0-201-48340-8 
041 0 |a eng 
044 |a US 
245 1 0 |a Out of Control  |b <The> New Biology of Machines, Social Systems and the Economic World  |c Kevin Kelly 
250 |a 1. ed. 
264 1 |a Reading  |b Addison-Wesley Publ. Co.  |c 1994 
300 |a 521 s. 
610 2 0 |a inovácia 
610 2 0 |a skupiny sociálne 
610 2 0 |a civilizácia 
610 2 0 |a biológia 
610 2 0 |a biotechnológia 
610 2 0 |a hospodárstvo svetové 
610 2 0 |a vývoj 
610 2 0 |a dejiny 
100 1 |a Kelly, Kevin